Hiệu quả của gốc ghép đến khả năng chống chịu bệnh héo tươi do vi khuẩn (Ralstonia solanacearum) và sự sinh trưởng, năng suất, chất lượng cà chua Red Crown 250 : (Chuyên ngành: trồng trọt)
Nội dung đề tài xác định gốc ghép có khả năng cho tỷ lệ cây sống cao sau khi ghép, xác định gốc ghép có khả năng đảm bảo sinh trưởng, năng suất và chất lượng trái, xác định hiệu quả kinh tế của sản xuất cà chua ghép....
محفوظ في:
| المؤلف الرئيسي: | |
|---|---|
| التنسيق: | كتاب |
| اللغة: | Undetermined |
| منشور في: |
Cần Thơ
Trường đại Học Cần Thơ
2008
|
| الموضوعات: | |
| الوسوم: |
إضافة وسم
لا توجد وسوم, كن أول من يضع وسما على هذه التسجيلة!
|
| Thư viện lưu trữ: | Trung tâm Học liệu Trường Đại học Cần Thơ |
|---|
| LEADER | 01251nam a2200217Ia 4500 | ||
|---|---|---|---|
| 001 | CTU_137261 | ||
| 008 | 210402s9999 xx 000 0 und d | ||
| 082 | |a 632.9 | ||
| 082 | |b Ph431 | ||
| 088 | |a 606201 | ||
| 100 | |a Phạm, Thanh Phong | ||
| 245 | 0 | |a Hiệu quả của gốc ghép đến khả năng chống chịu bệnh héo tươi do vi khuẩn (Ralstonia solanacearum) và sự sinh trưởng, năng suất, chất lượng cà chua Red Crown 250 : | |
| 245 | 0 | |b (Chuyên ngành: trồng trọt) | |
| 245 | 0 | |c Phạm Thanh Phong ; Trần Thị Ba giáo viên hướng dẫn | |
| 260 | |a Cần Thơ | ||
| 260 | |b Trường đại Học Cần Thơ | ||
| 260 | |c 2008 | ||
| 520 | |a Nội dung đề tài xác định gốc ghép có khả năng cho tỷ lệ cây sống cao sau khi ghép, xác định gốc ghép có khả năng đảm bảo sinh trưởng, năng suất và chất lượng trái, xác định hiệu quả kinh tế của sản xuất cà chua ghép. | ||
| 650 | |a Cây trồng, bảo vệ,Plants, protection of,Tomatoes,Cà chua | ||
| 904 | |i Tuyến | ||
| 980 | |a Trung tâm Học liệu Trường Đại học Cần Thơ | ||